000 00348nam a2200133Ia 4500
008 240624s9999 xx 000 0 und d
041 _aeng
082 _a658.577 SUL
100 _aSULLIVAN PATRICK H
245 _aPROFITING FROM INTELLECTUAL CAPITAL EXTR
260 _c1998
_aNew Jersey
_bWiley
300 _axviii, 366 p.; 23 cm.
365 _c
_b28
999 _c30330
_d30330